Árpád-kori körmeneti kereszt töredéke Felgyő határából

A resident of Csongrád, Hungary, found an enamelled copper plate from an Árpád age processional cross, a corpus, and some coins of King Béla III (1172–1196) near Felgyő. He donated the objects to the Tari László Museum in Csongrád. This paper analyses the processional cross with a goal to determine...

Teljes leírás

Elmentve itt :
Bibliográfiai részletek
Szerző: Mellár Balázs
Dokumentumtípus: Könyv része
Megjelent: Szegedi Tudományegyetem Régészeti Tanszék Szeged 2020
Sorozat:Monográfiák a Szegedi Tudományegyetem Régészeti Tanszékéről 7
Új nemzedék: a szegedi Régészeti Tanszék tehetséggondozásának elmúlt évtizedei : Ünnepi kötet B. Tóth Ágnes, Kulcsár Valéria, Vörös Gabriella és Wolf Mária tiszteletére 7
Kulcsszavak:Régészet - leletek - Magyarország
Tárgyszavak:
Online Access:http://acta.bibl.u-szeged.hu/70897
LEADER 02099naa a2200253 i 4500
001 acta70897
005 20230328085507.0
008 201127s2020 hu o 0|| hun d
020 |a 978-963-306-733-8 
022 |a 2062-9877 
040 |a SZTE Egyetemi Kiadványok Repozitórium  |b hun 
041 |a hun 
041 |a eng 
100 1 |a Mellár Balázs 
245 1 0 |a Árpád-kori körmeneti kereszt töredéke Felgyő határából  |h [elektronikus dokumentum] /  |c  Mellár Balázs 
260 |a Szegedi Tudományegyetem Régészeti Tanszék  |b Szeged  |c 2020 
300 |a 395-408 
490 0 |a Monográfiák a Szegedi Tudományegyetem Régészeti Tanszékéről  |v 7 
490 0 |a Új nemzedék: a szegedi Régészeti Tanszék tehetséggondozásának elmúlt évtizedei : Ünnepi kötet B. Tóth Ágnes, Kulcsár Valéria, Vörös Gabriella és Wolf Mária tiszteletére  |v 7 
520 3 |a A resident of Csongrád, Hungary, found an enamelled copper plate from an Árpád age processional cross, a corpus, and some coins of King Béla III (1172–1196) near Felgyő. He donated the objects to the Tari László Museum in Csongrád. This paper analyses the processional cross with a goal to determine it’s dating. Processional crosses were in use in Europe from the 8th–9th century on, and, in the 12th century, they became an obligatory equipment in the churches. Consequently, this was the period when goldsmith centers were established around Limoges, France. These centers provided almost the entire territory of Europe with enamelled liturgical objects. One of the most important destinations of these objects was the Hungarian Kingdom. The processional cross found in Felgyő arrived to Hungary probably in the late 12th or the early 13th century and was discarded when the Hungarian Kingdom was invaded by the Mongolian army in the middle of the 13th century. 
650 4 |a Bölcsészettudományok 
650 4 |a Történettudomány és régészet 
695 |a Régészet - leletek - Magyarország 
856 4 0 |u http://acta.bibl.u-szeged.hu/70897/1/regeszeti_monografiak_007_395-408.pdf  |z Dokumentum-elérés